Catalog

Record Details

Catalog Search



A manual of church history / Vol. II Modern church history (A.D. 1517-1932) Cover Image Book Book

A manual of church history / by Albert Henry Newman Vol. II Modern church history (A.D. 1517-1932)

Newman, Albert H. (Author).

Record details

  • Physical Description: 781 p.
  • Publisher: Philadelphia The American Baptist Publication Society 1951

Available copies

  • 1 of 1 copy available at Common Catalog SPOK.

Holds

  • 0 current holds with 1 total copy.
Show Only Available Copies
Location Call Number / Copy Notes Barcode Shelving Location Status Due Date
ETS Library 270 424470009640 Volný výběr Available -

LDR 00715nam a2 00229
00142988
003CZ-PrJAB
00520010619000000.0
008010619s1951 xxu e |||| |eng
009us
035 . ‡a(CONS)5636
035 . ‡aKPS8791
040 . ‡aABG450
041 . ‡aeng
08214. ‡a270
100 . ‡73413 ‡aNewman, Albert H.
245 . ‡aA manual of church history / ‡cby Albert Henry Newman ‡nVol. II ‡pModern church history (A.D. 1517-1932)
260 . ‡aPhiladelphia ‡bThe American Baptist Publication Society ‡c1951
300 . ‡a781 p.
653 . ‡aA manual of church history ‡aModern church history (A.D. 1517-1932)
8524 . ‡bETS ‡bETS ‡cVolný výběr ‡j270 ‡gA ‡p424470009640
910 . ‡aABG450
999 . ‡a5636 ‡bAUTOGEN ‡c5636 ‡tbiblio
905 . ‡uadmin
901 . ‡a42988 ‡b ‡c42988 ‡tbiblio ‡sets

Additional Resources